00788nam a2200169 a 450000100100000000500170001000800410002704000250006808200150009310000280010824500990013626000610023530000200029695201140031695201710043099900170060100003340820200930070234.0110826s1957 dr 000 0 spa d aDO-SdBNPbspacBNPHU axxxbB844t1 aBretón, José94555410aTrujillo, su genio y una etapa de exaltación politica :bEra de Trujillo /cJosé Bretón. aSantiago, República Dominicana :bImpreta Vila,c1957. a18 p. ;c20 cm. 00107-18PDaPDbPDcOId2013-04-22iLF1l0oxxx B844tp33408-20r2020-06-25w2020-06-25yLFPDZNo se presta 001050718RVaPDbPDcCTd2011-08-26iLF1l0oxxx B844tp33408-10r2020-06-25w2020-06-25y1zPerteneció a la biblioteca personal de Martínez BoogZNo se presta c32899d32899